Softening the blow of new rates bills (Record no. 62142)

MARC details
000 -LEADER
fixed length control field 00891cam a2200217 4500
001 - CONTROL NUMBER
control field WB3601-41
008 - FIXED-LENGTH DATA ELEMENTS--GENERAL INFORMATION
fixed length control field 000000n2000 000 0 eng u
035 ## - SYSTEM CONTROL NUMBER
System control number (Sirsi) u103426
245 ## - TITLE STATEMENT
Title Softening the blow of new rates bills
260 ## - PUBLICATION, DISTRIBUTION, ETC.
Date of publication, distribution, etc. 2000
490 ## - SERIES STATEMENT
Series statement Birmingham Post
Volume/sequential designation 6 January 2000, 25(1)
520 ## - SUMMARY, ETC.
Summary, etc. The uniform business rate will be reduced in April 2000 from 48.9p to 41.6p. This could soften the expected increases in rateable value in the 2000 rating lists. The proposed lists can viewed on the Valuation Office's website at http://www.voa.gov.uk ; Gerald Eve also have a rating calculator at http://www.ratescalc.co.uk
590 ## - LOCAL NOTE (RLIN)
Local note WB
650 ## - SUBJECT ADDED ENTRY--TOPICAL TERM
Topical term or geographic name entry element UNIFORM BUSINESS RATE
650 ## - SUBJECT ADDED ENTRY--TOPICAL TERM
Topical term or geographic name entry element BUSINESS RATES
650 ## - SUBJECT ADDED ENTRY--TOPICAL TERM
Topical term or geographic name entry element NON-DOMESTIC RATING
650 ## - SUBJECT ADDED ENTRY--TOPICAL TERM
Topical term or geographic name entry element RATING REVALUATION
650 ## - SUBJECT ADDED ENTRY--TOPICAL TERM
Topical term or geographic name entry element RATING REVALUATION 2000
690 ## - LOCAL SUBJECT ADDED ENTRY--TOPICAL TERM (OCLC, RLIN)
Topical term or geographic name as entry element RATING AND LOCAL TAXATION
942 ## - ADDED ENTRY ELEMENTS (KOHA)
Suppress in OPAC 0
Holdings
Withdrawn status Lost status Source of classification or shelving scheme Damaged status Not for loan Home library Current library Shelving location Date acquired Total Checkouts Full call number Barcode Date last seen Copy number Price effective from Koha item type
    Dewey Decimal Classification     London London News article 06/01/2000   WB3601-41 103426-1001 06/08/2019 1 06/08/2019 News article